<?xml version="1.0" encoding="UTF-8"?>
<record
    xmlns:xsi="http://www.w3.org/2001/XMLSchema-instance"
    xsi:schemaLocation="http://www.loc.gov/MARC21/slim http://www.loc.gov/standards/marcxml/schema/MARC21slim.xsd"
    xmlns="http://www.loc.gov/MARC21/slim">

  <leader>02251cam a2200397 i 4500</leader>
  <controlfield tag="001">19235227</controlfield>
  <controlfield tag="003">NUST</controlfield>
  <controlfield tag="005">20220721093630.0</controlfield>
  <controlfield tag="008">160818t20182018nyua          001 0 eng  </controlfield>
  <datafield tag="010" ind1=" " ind2=" ">
    <subfield code="a">  2016036095</subfield>
  </datafield>
  <datafield tag="020" ind1=" " ind2=" ">
    <subfield code="a">9780134439419</subfield>
  </datafield>
  <datafield tag="020" ind1=" " ind2=" ">
    <subfield code="a">0134439414</subfield>
  </datafield>
  <datafield tag="040" ind1=" " ind2=" ">
    <subfield code="a">DLC</subfield>
    <subfield code="b">eng</subfield>
    <subfield code="c">DLC</subfield>
    <subfield code="e">rda</subfield>
    <subfield code="d">DLC</subfield>
  </datafield>
  <datafield tag="042" ind1=" " ind2=" ">
    <subfield code="a">pcc</subfield>
  </datafield>
  <datafield tag="050" ind1="0" ind2="0">
    <subfield code="a">QA303.2</subfield>
    <subfield code="b">.F565 2018</subfield>
  </datafield>
  <datafield tag="082" ind1="0" ind2="0">
    <subfield code="a">515, HAS</subfield>
    <subfield code="2">23</subfield>
  </datafield>
  <datafield tag="100" ind1="1" ind2=" ">
    <subfield code="a">Hass, Joel.</subfield>
  </datafield>
  <datafield tag="245" ind1="1" ind2="0">
    <subfield code="a">Thomas' calculus :</subfield>
    <subfield code="b">early transcendentals : single variable : based on the original work by George B. Thomas, Jr., Massachusetts Institute of Technology.</subfield>
  </datafield>
  <datafield tag="246" ind1="3" ind2="0">
    <subfield code="a">Early transcendentals :</subfield>
    <subfield code="b">single variable</subfield>
  </datafield>
  <datafield tag="250" ind1=" " ind2=" ">
    <subfield code="a">Fourteenth edition /</subfield>
    <subfield code="b">as revised by Joel Hass, University of California, Davis, Christopher Heil, Georgia Institute of Technology, Maurice D. Weir, Naval Postgraduate School.</subfield>
  </datafield>
  <datafield tag="264" ind1=" " ind2="1">
    <subfield code="a">New York, New York :</subfield>
    <subfield code="b">Pearson,</subfield>
    <subfield code="c">[2018]</subfield>
  </datafield>
  <datafield tag="264" ind1=" " ind2="4">
    <subfield code="c">&#xA9;2018</subfield>
  </datafield>
  <datafield tag="300" ind1=" " ind2=" ">
    <subfield code="a">1 volume (various pagings) :</subfield>
    <subfield code="b">illustrations (some color) ;</subfield>
    <subfield code="c">28 cm</subfield>
  </datafield>
  <datafield tag="336" ind1=" " ind2=" ">
    <subfield code="a">text</subfield>
    <subfield code="b">txt</subfield>
    <subfield code="2">rdacontent</subfield>
  </datafield>
  <datafield tag="337" ind1=" " ind2=" ">
    <subfield code="a">unmediated</subfield>
    <subfield code="b">n</subfield>
    <subfield code="2">rdamedia</subfield>
  </datafield>
  <datafield tag="338" ind1=" " ind2=" ">
    <subfield code="a">volume</subfield>
    <subfield code="b">nc</subfield>
    <subfield code="2">rdacarrier</subfield>
  </datafield>
  <datafield tag="505" ind1=" " ind2=" ">
    <subfield code="a">Functions (Page-1), Limits and Continuity (Page-38), Derivative (Page-102), Applications of Derivatives (Page-183), Integration (Page-248), Applications of Definite Integrals (Page-314), Transcendental Functions (Page-370), Techniques of Integration (Page-447), First Order Defferential Equations (Page-526), Infinite Sequences and Series (Page-563), Parametric Equations and Polar Coordinates (Page-649), Vectors and the Geometry of Space (Page-700), Vector Valued Functions and Motion in space (Page-749), Partial Derivatives  (Page-792), Multiple Integrals (Page-883), Integrals and Vector Fields (Page-955), Second order Differential Equations. (Online at www. pearsoned.co.in/georggebthomasjr)</subfield>
  </datafield>
  <datafield tag="650" ind1=" " ind2="0">
    <subfield code="a">Calculus</subfield>
    <subfield code="v">Textbooks.</subfield>
    <subfield code="9">4507</subfield>
  </datafield>
  <datafield tag="650" ind1=" " ind2="0">
    <subfield code="a">Geometry, Analytic</subfield>
    <subfield code="v">Textbooks.</subfield>
    <subfield code="9">4508</subfield>
  </datafield>
  <datafield tag="650" ind1=" " ind2="0">
    <subfield code="a">Transcendental numbers</subfield>
    <subfield code="v">Textbooks.</subfield>
    <subfield code="9">18019</subfield>
  </datafield>
  <datafield tag="700" ind1="1" ind2=" ">
    <subfield code="a">Heil, Christopher,</subfield>
    <subfield code="d">1960-</subfield>
    <subfield code="9">18020</subfield>
  </datafield>
  <datafield tag="700" ind1="1" ind2=" ">
    <subfield code="a">Weir, Maurice D.</subfield>
    <subfield code="9">4506</subfield>
  </datafield>
  <datafield tag="906" ind1=" " ind2=" ">
    <subfield code="a">7</subfield>
    <subfield code="b">cbc</subfield>
    <subfield code="c">orignew</subfield>
    <subfield code="d">1</subfield>
    <subfield code="e">ecip</subfield>
    <subfield code="f">20</subfield>
    <subfield code="g">y-gencatlg</subfield>
  </datafield>
  <datafield tag="942" ind1=" " ind2=" ">
    <subfield code="2">ddc</subfield>
    <subfield code="c">BK</subfield>
  </datafield>
  <datafield tag="999" ind1=" " ind2=" ">
    <subfield code="c">590432</subfield>
    <subfield code="d">590432</subfield>
  </datafield>
  <datafield tag="952" ind1=" " ind2=" ">
    <subfield code="0">0</subfield>
    <subfield code="1">0</subfield>
    <subfield code="2">ddc</subfield>
    <subfield code="4">0</subfield>
    <subfield code="7">0</subfield>
    <subfield code="a">MCS</subfield>
    <subfield code="b">MCS</subfield>
    <subfield code="c">GEN</subfield>
    <subfield code="d">2022-07-21</subfield>
    <subfield code="l">1</subfield>
    <subfield code="o">515,HAS</subfield>
    <subfield code="p">MCS38655</subfield>
    <subfield code="r">2025-09-02</subfield>
    <subfield code="s">2022-09-21</subfield>
    <subfield code="w">2022-07-21</subfield>
    <subfield code="y">BK</subfield>
    <subfield code="z">Almirah Fresh  No.43, Shelf No.4</subfield>
  </datafield>
  <datafield tag="952" ind1=" " ind2=" ">
    <subfield code="0">0</subfield>
    <subfield code="1">0</subfield>
    <subfield code="2">ddc</subfield>
    <subfield code="4">0</subfield>
    <subfield code="7">0</subfield>
    <subfield code="a">MCS</subfield>
    <subfield code="b">MCS</subfield>
    <subfield code="c">GEN</subfield>
    <subfield code="d">2022-07-21</subfield>
    <subfield code="l">1</subfield>
    <subfield code="o">515,HAS</subfield>
    <subfield code="p">MCS38653</subfield>
    <subfield code="q">2025-10-22</subfield>
    <subfield code="r">2025-06-24</subfield>
    <subfield code="s">2025-06-24</subfield>
    <subfield code="w">2022-07-21</subfield>
    <subfield code="y">BK</subfield>
    <subfield code="z">Almirah Fresh No.44, Shelf No.5</subfield>
  </datafield>
  <datafield tag="952" ind1=" " ind2=" ">
    <subfield code="0">0</subfield>
    <subfield code="1">0</subfield>
    <subfield code="2">ddc</subfield>
    <subfield code="4">0</subfield>
    <subfield code="7">0</subfield>
    <subfield code="a">MCS</subfield>
    <subfield code="b">MCS</subfield>
    <subfield code="c">GEN</subfield>
    <subfield code="d">2022-07-21</subfield>
    <subfield code="l">1</subfield>
    <subfield code="o">515,HAS</subfield>
    <subfield code="p">MCS38654</subfield>
    <subfield code="r">2023-03-06</subfield>
    <subfield code="s">2023-01-18</subfield>
    <subfield code="w">2022-07-21</subfield>
    <subfield code="y">BK</subfield>
    <subfield code="z">Almirah No.72, Shelf No.1</subfield>
  </datafield>
</record>
